000 00371nam a2200133Ia 4500
008 220217s9999||||xx |||||||||||||| ||und||
020 _a0-07-049532-7
082 _a005 .13 PAP
100 _aPappas, Chris, H Murray, Willam, H
_93243
245 0 _aVisual c++ .net
260 _aTata mcgraw hill
_bNew Delhi
_c2002
300 _b395
650 _aPROGRAMMING LANGUAGE
999 _c171257
_d171257